Statistics for Sports in Chinese

Click here to take the quiz!

General Stats

  • This quiz has been taken 4 times
  • The average score is 6 of 9

Answer Stats

HintAnswer% Correct
篮球Lánqiú - Basketball
100%
网球Wǎngqiú - Tennis
100%
足球Zúqiú - Football
100%
棒球Bàngqiú - Baseball
75%
乒乓球Pīngpāng qiú - Ping-pong
75%
运动Yùndòng - Sports
75%
橄榄球Gǎnlǎnqiú - Rugby
50%
曲棍球Qūgùnqiú - Hockey
25%
板球Bǎn qiú - Cricket
0%

Score Distribution

Percentile by Number Answered

Percent of People with Each Score

Your Score History

You have not taken this quiz